[Event "Munich SKA"]
[Site "Munich"]
[Date "1994.??.??"]
[Round "10"]
[White "Jussupow, Artur"]
[Black "Beliavsky, Alexander G"]
[Result "0-1"]
[WhiteElo "2665"]
[BlackElo "2650"]

1.d4 Nf6 2.c4 e6 3.Nc3 Bb4 4.e3 O-O 5.Bd3 c5 6.Nf3 d5 7.O-O Nc6 8.a3 Bxc3
9.bxc3 dxc4 10.Bxc4 Qc7 11.Bd3 e5 12.Qc2 Re8 13.dxe5 Nxe5 14.Nxe5 Qxe5 15.f3 Bd7
16.Re1 Rad8 17.a4 Bc6 18.e4 Nd5 19.Bd2 Nf4 20.Bf1 g5 21.Be3 h5 22.a5 Re6
23.g3 Ng6 24.Bg2 h4 25.Qf2 hxg3 26.hxg3 Red6 27.Rac1 b6 28.axb6 axb6 29.f4 gxf4
30.gxf4 Qg7 31.Qg3 Rd3 32.Kf2 Ra8 33.Re2 Ra4 34.Rg1 Rxc3 35.Qg5 Rd3 36.Bf3 Bxe4
37.Bxe4 Rxe4 38.Qf5 Rdxe3 39.Rxe3 Qb2+  0-1

[Event "Belgrade Invest"]
[Site "Belgrade"]
[Date "1995.??.??"]
[Round "2"]
[White "Beliavsky, Alexander G"]
[Black "Timman, Jan H"]
[Result "1-0"]
[WhiteElo "2650"]
[BlackElo "2590"]

1.d4 Nf6 2.c4 e6 3.g3 c5 4.Nf3 cxd4 5.Nxd4 Bb4+ 6.Nc3 O-O 7.Bg2 d5 8.cxd5 Nxd5
9.Qb3 Qb6 10.Bxd5 exd5 11.Be3 Nc6 12.Rd1 Qa5 13.O-O Bh3 14.Rfe1 Rac8 15.Rc1 Ne5
16.Ndb5 Be6 17.Nd4 Nc4 18.a3 Bxc3 19.Qxc3 Qxc3 20.Rxc3 Nxb2 21.Rb3 Nc4 22.Rxb7 a5
23.Bf4 Rfe8 24.a4 h6 25.h4 Red8 26.f3 Bd7 27.Ra1 Bc6 28.Ra7 Kf8 29.Kf2 Be8
30.Rb7 Rd7 31.Rb3 Ra7 32.h5 Ra6 33.g4 Bd7 34.Nb5 Rb6 35.Rab1 Rcc6 36.Rd3 Rc5
37.Rc3 Bxb5 38.Be3 Rcc6 39.Bxb6 Bxa4 40.Bd4 Rc8 41.Rb7 Bc6 42.Ra7 a4 43.e4 Kg8
44.exd5 Bxd5 45.Rxa4 Be6 46.Kg3 Kh7 47.Ra6 Rc7 48.Be5 Rc5 49.Bf4 Bd5 50.Rd6 Be6
51.Rd4 g6 52.hxg6+ Kxg6 53.Rc1 h5 54.g5 f6 55.gxf6 Kxf6 56.Re1 Rc8 57.Bg5+ Kxg5
58.Rxe6 Kf5 59.Re7 Kf6 60.Re2 Rc5 61.Rf4+ Kg6 62.Re6+ Kg7 63.Kh4 Nd2 64.Re2 Rd5
65.Rg2+ Kh7 66.Rf7+ Kh6 67.Rf6+ Kh7 68.Rg5 Rd3 69.Kxh5  1-0

[Event "Belgrade Invest"]
[Site "Belgrade"]
[Date "1995.??.??"]
[Round "4"]
[White "Beliavsky, Alexander G"]
[Black "Gelfand, Boris"]
[Result "1/2-1/2"]
[WhiteElo "2650"]
[BlackElo "2685"]

1.d4 d5 2.c4 c6 3.Nf3 Nf6 4.Nc3 e6 5.Bg5 h6 6.Bxf6 Qxf6 7.e3 Nd7 8.Bd3 dxc4
9.Bxc4 g6 10.O-O Bg7 11.b4 O-O 12.a4 Qe7 13.Rb1 a5 14.bxa5 Rxa5 15.Qc2 b6
16.e4 c5 17.d5 Bxc3 18.Qxc3 Rxa4 19.Qc2 Ra7 20.Qd2 exd5 21.exd5 Kg7 22.Rfe1 Qf6
23.Bb5 Rd8 24.Rbd1 Bb7 25.Qe3 Nf8 26.Ne5 h5 27.Bc6 Bc8 28.h3 Re7 29.f4 h4
30.Qf2 Kg8 31.Rb1 g5 32.fxg5 Qxg5 33.Nf3 Rxe1+ 34.Qxe1 Qg3 35.Rxb6 Ng6 36.Qxg3 hxg3
37.Rb8 Ne7 38.Bb7 c4 39.Kf1 c3 40.Ke1 Kg7 41.Kd1 Bxb7 42.Rxd8 Nxd5 43.Ne1 Ne3+
44.Kc1 Be4 45.Rc8 Nd5 46.Kd1 f5 47.Ke2 Kf6 48.h4 f4 49.Rc4 c2 50.Nxc2 Bxg2
51.Rc6+ Kf5 52.Ne1 Be4 53.Rc4 Ne3 54.Ra4 Ng4 55.Ra5+ Ne5 56.Ra3 Kg4 57.h5 f3+
58.Kf1 f2 59.Ng2 Nf3 60.Ne3+ Kf4 61.Ng2+ Kg5 62.Ke2 Nd4+ 63.Kf1 Nf3 64.Ke2 Kxh5
65.Ne3 Nh2 66.Nf1 Nxf1 67.Kxf1 Kg4 68.Rf3 g2+ 69.Kxg2 Bxf3+  1/2-1/2

[Event "Belgrade Invest"]
[Site "Belgrade"]
[Date "1995.??.??"]
[Round "5"]
[White "Leko, Peter"]
[Black "Beliavsky, Alexander G"]
[Result "1/2-1/2"]
[WhiteElo "2605"]
[BlackElo "2650"]

1.e4 e6 2.d4 d5 3.Nc3 Bb4 4.e5 c5 5.a3 Bxc3+ 6.bxc3 Ne7 7.Qg4 Qc7 8.Bd3 c4
9.Be2 Nf5 10.Nf3 Nc6 11.Qh5 Bd7 12.g4 Qa5 13.Bd2 Nh6 14.Qg5 O-O 15.Rb1 f6
16.exf6 Rxf6 17.Rxb7 Rg6 18.Qf4 e5 19.Nxe5 Nxe5 20.Qxe5 Re8 21.Rb8 Re6 22.Rxe8+ Rxe8
23.Qf4 Nxg4 24.Rg1  1/2-1/2

[Event "Belgrade Invest"]
[Site "Belgrade"]
[Date "1995.??.??"]
[Round "8"]
[White "Beliavsky, Alexander G"]
[Black "Adams, Michael"]
[Result "0-1"]
[WhiteElo "2650"]
[BlackElo "2660"]

1.d4 Nf6 2.Nf3 e6 3.g3 b6 4.Bg2 Bb7 5.c4 Be7 6.O-O O-O 7.Nc3 Ne4 8.Qc2 Nxc3
9.Qxc3 c5 10.b3 Bf6 11.Bb2 cxd4 12.Nxd4 Bxg2 13.Kxg2 Nc6 14.Qe3 Qc8 15.Rfd1 Rd8
16.Qf3 Ne5 17.Qe4 Ng6 18.Rac1 a6 19.h4 Qc5 20.Kf1 Ne7 21.Qf3 h6 22.e4 Rac8
23.Qe2 d6 24.Kg2 Ng6 25.Kg1 Ne5 26.Rc2 Qc7 27.Rcd2 Nd7 28.Re1 Qb7 29.Rdd1 Nc5
30.Ba1 Be5 31.Rc1 Rc7 32.Rcd1 Rdc8 33.Bb2 Nd7 34.Ba3 Nc5 35.Bc1 Bf6 36.Qg4 Kh7
37.Qe2 Rd8 38.Ba3 Rb8 39.Bb4 Kg8 40.Nf3 Rd7 41.Qe3 Rbd8 42.Nh2 Be7 43.Bc3 b5
44.cxb5 axb5 45.Ng4 Bf8 46.h5 Rc8 47.Bd4 d5 48.e5 Rdc7 49.Rc1 b4 50.Kg2 Nd3
51.Qxd3 Rxc1 52.Re2 Qc6 53.Ne3 Bc5 54.Rd2 Bxd4 55.Qxd4 Qc3 56.Rd3 Qe1 57.Qh4 Ra1
58.Rd4 Rxa2 59.Ng4 Ra1 60.Nxh6+  0-1

[Event "Belgrade Invest"]
[Site "Belgrade"]
[Date "1995.??.??"]
[Round "9"]
[White "Ljubojevic, Ljubomir"]
[Black "Beliavsky, Alexander G"]
[Result "1/2-1/2"]
[WhiteElo "2600"]
[BlackElo "2650"]

1.e4 e5 2.Nf3 Nf6 3.Nxe5 d6 4.Nf3 Nxe4 5.d4 d5 6.Bd3 Nc6 7.O-O Be7 8.c4 Nb4
9.Be2 O-O 10.Nc3 Be6 11.Be3 f5 12.a3 Nxc3 13.bxc3 Nc6 14.Qa4 Kh8 15.Rab1 Rb8
16.Rfe1 a6 17.Bf4 Bd6 18.Bg5 Be7 19.Bf1 Bxg5 20.Nxg5 Bd7 21.Ne6 Nxd4 22.Nxd8 Bxa4
23.Rxb7 Rfxd8 24.Rxb8 Rxb8 25.cxd4 dxc4  1/2-1/2

[Event "Bern op"]
[Site "Bern"]
[Date "1995.??.??"]
[Round "3"]
[White "Beliavsky, Alexander G"]
[Black "Suba, Mihai"]
[Result "1-0"]
[WhiteElo "2650"]
[BlackElo "2475"]

1.d4 Nf6 2.c4 e6 3.Nc3 Bb4 4.Qc2 O-O 5.a3 Bxc3+ 6.Qxc3 b6 7.Bg5 c5 8.dxc5 bxc5
9.e3 Bb7 10.f3 a5 11.Bd3 d6 12.Ne2 Nbd7 13.O-O a4 14.Qc2 Qa5 15.e4 Rfb8 16.Rad1 Bc6
17.Nc3 Rb3 18.Bc1 Rab8 19.f4 Qa8 20.Rfe1 h6 21.Qe2 Ne8 22.e5 dxe5 23.fxe5 Nf8
24.Bc2 R3b7 25.Rd3 Ng6 26.Rg3 Rxb2 27.Bxb2 Rxb2 28.Rb1 Rxb1+ 29.Bxb1 Qd8
30.Bxg6 fxg6 31.Qf2 g5 32.Qxc5 Qd2 33.h3 Qf4 34.Kh2 Bd7 35.Ne2 Qf7 36.Rf3 Qg6
37.Qd4 Bc6 38.Re3 Qf5 39.Qd3 Qf2 40.Rg3 Kf8 41.Nd4 Ba8 42.Nb5 Ke7 43.Qe3 Qxe3
44.Rxe3 Bc6 45.Rd3  1-0

[Event "Bern op"]
[Site "Bern"]
[Date "1995.??.??"]
[Round "4"]
[White "Cvitan, Ognjen"]
[Black "Beliavsky, Alexander G"]
[Result "0-1"]
[WhiteElo "2520"]
[BlackElo "2650"]

1.d4 Nf6 2.Nf3 d5 3.c4 e6 4.Nc3 Be7 5.Bg5 h6 6.Bh4 O-O 7.e3 b6 8.Be2 Bb7
9.Bxf6 Bxf6 10.cxd5 exd5 11.O-O Qe7 12.Rb1 c5 13.dxc5 Bxc3 14.bxc3 Qxc5 15.Qb3 Nd7
16.Nd4 Nf6 17.Rfd1 Rfc8 18.Rbc1 Qe7 19.c4 dxc4 20.Bxc4 Rc5 21.Nb5 Rg5 22.Nd6 Rxg2+
23.Kf1 Ng4 24.Nxf7 Rxf2+ 25.Ke1 Qh4 26.Rd2 Rxf7+ 27.Kd1 Bf3+ 28.Kc2 Nxe3+  0-1

[Event "Bern op"]
[Site "Bern"]
[Date "1995.??.??"]
[Round "5"]
[White "Beliavsky, Alexander G"]
[Black "Hodgson, Julian M"]
[Result "1/2-1/2"]
[WhiteElo "2650"]
[BlackElo "2580"]

1.d4 d5 2.c4 c6 3.Nc3 Nf6 4.e3 a6 5.Bd3 b5 6.cxd5 cxd5 7.Bd2 e6 8.Nf3 Bd6
9.Ne5 Nbd7 10.f4 Bb7 11.O-O O-O 12.Rc1 Nb6 13.Qf3 Rc8 14.Nb1 Qe7 15.b3 Nc4
16.Bc3 Na3 17.Bb2 Nxb1 18.Bxb1 Ne4 19.Qe2 f6 20.Nd3 Bb4  1/2-1/2

[Event "Dortmund"]
[Site "Dortmund"]
[Date "1995.??.??"]
[Round "6"]
[White "Piket, Jeroen"]
[Black "Beliavsky, Alexander G"]
[Result "1/2-1/2"]
[WhiteElo "2625"]
[BlackElo "2650"]

1.d4 Nf6 2.c4 e6 3.Nf3 d5 4.Nc3 Be7 5.Bg5 h6 6.Bh4 O-O 7.e3 b6 8.Be2 Bb7
9.Bxf6 Bxf6 10.cxd5 exd5 11.O-O Qe7 12.Qb3 Rd8 13.Rad1 c6 14.Rd2 Nd7 15.Rc1 Rab8
16.Qa4 a5 17.Qd1 g6 18.Na4 Bg7 19.Rdc2 Qe6 20.Ne1 f5 21.Nd3 g5 22.g3 Rf8
23.Bf3 Kh8 24.Bg2 Rbc8 25.Qd2 Rfe8 26.Rc3 Rb8 27.R3c2 Bf8 28.Qd1 Rbc8 29.Nc3 Bd6
30.Kh1 Rf8 31.f4 Kg7 32.Ne5 Bxe5 33.dxe5 Nc5 34.Ne2 Ne4 35.Nd4 Qg6 36.Bxe4 dxe4
37.Qe2 c5 38.Nb5 Ba6 39.Rd2 Rfd8 40.Rcd1 Rxd2 41.Rxd2 Qe8 42.a4 Rd8 43.Kg1 Bxb5
44.axb5 gxf4 45.gxf4 Kh7 46.Kf2 Qe7 47.Ke1 Rd7 48.Qh5 Qe6 49.Rd6 Rxd6 50.exd6 Qxd6
51.Qf7+ Kh8 52.Qxf5 Qd3 53.Qf6+ Kh7 54.Qf7+ Kh8 55.Qf6+ Kh7 56.Qf7+  1/2-1/2

[Event "Dortmund"]
[Site "Dortmund"]
[Date "1995.??.??"]
[Round "7"]
[White "Beliavsky, Alexander G"]
[Black "Lobron, Eric"]
[Result "1-0"]
[WhiteElo "2650"]
[BlackElo "2595"]

1.d4 Nf6 2.c4 e6 3.Nc3 Bb4 4.Qc2 O-O 5.a3 Bxc3+ 6.Qxc3 Ne4 7.Qc2 f5 8.e3 b6
9.Ne2 Bb7 10.f3 Nd6 11.Bd2 c5 12.dxc5 bxc5 13.O-O-O Nc6 14.Nf4 Qe7 15.Bc3 Rf7
16.Be2 a5 17.Qd2 Nc8 18.Rhg1 Nb4 19.Kb1 e5 20.Nd5 Bxd5 21.cxd5 Nb6 22.e4 d6
23.Rgf1 Qe8 24.f4 exf4 25.Rxf4 Qa4 26.Rf3 Re8 27.Rdf1 Rxe4 28.Rxf5 Rxf5 29.Rxf5 Qe8
30.Qg5 Re7 31.axb4 axb4 32.Bb5 Re1+ 33.Bxe1 Qxe1+ 34.Ka2 b3+ 35.Kxb3 c4+
36.Ka2 Qa5+ 37.Kb1 Qe1+ 38.Ka2 Qa5+ 39.Kb1 Qe1+ 40.Qc1 Qe4+ 41.Ka2 Qxf5 42.Qe3 Nxd5
43.Qe8+ Qf8 44.Qe6+ Qf7 45.Qxf7+ Kxf7 46.Bxc4 Ke6 47.b4 Ke5 48.Bxd5 Kxd5
49.Kb3 Kd4 50.Ka4 d5 51.b5  1-0

[Event "Dortmund"]
[Site "Dortmund"]
[Date "1995.??.??"]
[Round "9"]
[White "Beliavsky, Alexander G"]
[Black "Leko, Peter"]
[Result "1-0"]
[WhiteElo "2650"]
[BlackElo "2605"]

1.d4 Nf6 2.c4 e6 3.Nc3 Bb4 4.Qc2 O-O 5.a3 Bxc3+ 6.Qxc3 b6 7.Bg5 Bb7 8.e3 d5
9.cxd5 Bxd5 10.f3 Bb7 11.Rc1 c6 12.Nh3 h6 13.Bh4 Nbd7 14.Bc4 Rc8 15.O-O c5
16.Rfd1 Qe7 17.dxc5 Qxc5 18.Qe1 Qe7 19.Bg3 Rc6 20.Bb5 Rxc1 21.Rxc1 Rc8 22.Rd1 e5
23.Qd2 Nf8 24.Bf1 Ng6 25.e4 Nh5 26.Be1 Qc5+ 27.Nf2 Nf8 28.Qb4 Qxb4 29.Bxb4 Nf4
30.Ng4 f6 31.Ne3 N4e6 32.Nf5 Kh7 33.Nd6 Rd8 34.Rc1 Ba8 35.Nf5 g6 36.Ne3 Kg7
37.Ba6 Nd7 38.Be7 Re8 39.Bd6 Ndc5 40.Bb5 Rd8 41.Be7 Rd2 42.b4 Nd4 43.bxc5 Nxb5
44.c6 Kf7 45.c7 Bb7 46.Bb4 Rd3 47.Nd5 a5 48.Be1 Nd6 49.Nxb6 Nc8 50.Rb1 Ke7
51.Bxa5 Ba6 52.Na4 Bc4 53.Rb8 Be6 54.Bb4+ Kf7 55.Nb6  1-0

[Event "EUCup f"]
[Site "Ljubljana"]
[Date "1995.??.??"]
[Round "3"]
[White "Beliavsky, Alexander G"]
[Black "Shirov, Alexei"]
[Result "1/2-1/2"]
[WhiteElo "2650"]
[BlackElo "2695"]

1.d4 d5 2.c4 c6 3.Nc3 Nf6 4.Nf3 e6 5.Bg5 dxc4 6.e4 b5 7.e5 h6 8.Bh4 g5 9.Nxg5 hxg5
10.Bxg5 Nbd7 11.exf6 Bb7 12.g3 c5 13.d5 Qb6 14.Bg2 b4 15.O-O O-O-O 16.Rb1 Qa6
17.dxe6 Bxg2 18.e7 Bxf1 19.Qd5 Bh6 20.Bxh6 Bd3 21.Ne4 Bxe4 22.Qxe4 Rde8 23.Bg7 Rh5
24.Rd1 Qb5 25.f4 c3 26.bxc3 c4 27.cxb4 Kc7 28.g4 Rh3 29.g5 Rd3 30.Rc1 c3
31.g6 fxg6 32.f7 Rxe7 33.Qxe7 Qb6+ 34.Kf1 Qb5 35.Qe2 Qc4 36.Ke1 Kb7 37.Qg2+ Kc7
38.Qe2 Kb7 39.Qg2+ Kc7 40.Qe2  1/2-1/2

[Event "Madrid"]
[Site "Madrid"]
[Date "1995.??.??"]
[Round "2"]
[White "Beliavsky, Alexander G"]
[Black "Timman, Jan H"]
[Result "1-0"]
[WhiteElo "2650"]
[BlackElo "2635"]

1.d4 Nf6 2.c4 e6 3.Nc3 Bb4 4.Qc2 d5 5.cxd5 exd5 6.Bg5 h6 7.Bh4 c5 8.dxc5 g5
9.Bg3 Ne4 10.e3 Qa5 11.Ne2 Nc6 12.a3 Bf5 13.Qc1 Nxc5 14.axb4 Nd3+ 15.Kd2 Qxb4
16.Ra4 Nxc1 17.Rxb4 Nxe2 18.Rxb7 Nxg3 19.hxg3 d4 20.exd4 Nxd4 21.Nd5 Rd8
22.Bc4 O-O 23.Kc3 Ne2+ 24.Kb4 Kg7 25.Rd1 Bg4 26.Rd2 Rfe8 27.Rxa7 Re4 28.f3 Nd4
29.Rxf7+ Kxf7 30.fxe4 Ne6 31.Rf2+ Kg7 32.Ne3 Rb8+ 33.Kc3  1-0

[Event "Madrid"]
[Site "Madrid"]
[Date "1995.??.??"]
[Round "4"]
[White "Beliavsky, Alexander G"]
[Black "San Segundo, Pablo"]
[Result "1/2-1/2"]
[WhiteElo "2650"]
[BlackElo "2480"]

1.d4 d5 2.c4 e6 3.Nc3 Be7 4.Bf4 Nf6 5.e3 O-O 6.Nf3 c5 7.dxc5 Bxc5 8.Qc2 Nc6
9.a3 Qa5 10.Nd2 Be7 11.Rd1 e5 12.Bg5 d4 13.Nb3 Qb6 14.Bxf6 Bxf6 15.Nd5 Qd8
16.Bd3 g6 17.exd4 Nxd4 18.Nxd4 exd4 19.Nxf6+ Qxf6 20.O-O Bd7 21.Rd2 Rac8
22.b3 Bc6 23.Rfd1 Rfd8 24.Bf1 Rc7 25.c5 b6 26.cxb6 axb6 27.b4 Qf4 28.Qb3 Rcd7
29.a4 Rd5 30.g3 Qf6 31.b5 Ba8 32.Bg2 R5d6 33.Bxa8 Rxa8 34.Rd3 Qe5 35.Qb4 Rad8
36.Re1 Qd5 37.h4 h5 38.Qd2 Qf5 39.Kg2 Kg7 40.Rf3 Qd5 41.Qf4 d3 42.Re7 Rf8
43.Qd2 Kg8 44.Re3 Rfd8 45.Kh2 Qd4  1/2-1/2

[Event "Madrid"]
[Site "Madrid"]
[Date "1995.??.??"]
[Round "5"]
[White "Jussupow, Artur"]
[Black "Beliavsky, Alexander G"]
[Result "1-0"]
[WhiteElo "2660"]
[BlackElo "2650"]

1.d4 d5 2.c4 c6 3.Nc3 Nf6 4.e3 e6 5.b3 c5 6.Bb2 cxd4 7.exd4 Bb4 8.a3 Bxc3+
9.Bxc3 dxc4 10.bxc4 Ne4 11.Rc1 Nxc3 12.Rxc3 Qa5 13.Qd2 O-O 14.Nf3 Rd8 15.Bd3 Nd7
16.O-O b6 17.Re1 Bb7 18.Ne5 h6 19.Qc2 Rac8 20.Bh7+ Kf8 21.Nxf7 Nf6 22.Nxd8 Rxd8
23.Re5 Qa6 24.d5 exd5 25.h3 dxc4 26.Rg3 b5 27.Bf5 Bd5 28.Qc3 Qd6 29.Bg6 a6
30.Rge3 Bf7 31.Bxf7 Kxf7 32.Re1 Rd7 33.a4 Qc6 34.axb5 axb5 35.Qb4 Nd5 36.Rf5+ Kg8
37.Rf8+ Kh7 38.Qb1+ g6 39.Ree8 Nf6 40.Rc8 Qa6 41.Qe1 Qd6 42.Qc3 Qf4 43.Qa1  1-0

[Event "Madrid"]
[Site "Madrid"]
[Date "1995.??.??"]
[Round "7"]
[White "Short, Nigel D"]
[Black "Beliavsky, Alexander G"]
[Result "1/2-1/2"]
[WhiteElo "2655"]
[BlackElo "2650"]

1.e4 e6 2.d4 d5 3.Nc3 Bb4 4.e5 c5 5.a3 Bxc3+ 6.bxc3 Ne7 7.Nf3 Bd7 8.Be2 Ba4
9.O-O Qc7 10.Ra2 Nd7 11.Re1 h6 12.Rb2 O-O-O 13.dxc5 Nxc5 14.Be3 Nf5 15.Bxc5 Qxc5
16.Rb4 Bc6 17.Bd3 a5 18.Rb1 Ne7 19.Qd2 Kb8 20.Nd4 Rc8 21.Nb3 Qa7 22.c4 dxc4
23.Bxc4 Rhd8 24.Qxa5 Bd5 25.Qxa7+ Kxa7 26.Bd3 Rc3 27.Nd4 Bc6 28.Rb3 Rxb3
29.Nxb3 Kb6 30.h4 Ra8 31.Nd2 Kc7 32.Nc4 Nd5 33.g3 Nc3 34.Kf1 Nb5 35.Rd1 Ra4
36.f4  1/2-1/2

[Event "Novosibirsk"]
[Site "Novosibirsk"]
[Date "1995.??.??"]
[Round "2"]
[White "Beliavsky, Alexander G"]
[Black "Ehlvest, Jaan"]
[Result "1/2-1/2"]
[WhiteElo "2650"]
[BlackElo "2630"]

1.d4 d5 2.c4 c6 3.Nf3 Nf6 4.Nc3 e6 5.Bg5 h6 6.Bxf6 Qxf6 7.e3 Nd7 8.Bd3 dxc4
9.Bxc4 g6 10.e4 Bg7 11.e5 Qe7 12.O-O O-O 13.Re1 Rd8 14.Bd3 b6 15.Qe2 a5 16.Rac1 Bb7
17.Be4 Rab8 18.h4 Rdc8 19.g3 Ba8 20.Rcd1 Rd8 21.Qe3 Rbc8 22.Qf4 b5 23.Qe3 Nb6
24.h5 g5 25.Rc1 Bb7  1/2-1/2

[Event "Novosibirsk"]
[Site "Novosibirsk"]
[Date "1995.??.??"]
[Round "5"]
[White "Rublevsky, Sergei"]
[Black "Beliavsky, Alexander G"]
[Result "0-1"]
[WhiteElo "2595"]
[BlackElo "2650"]

1.e4 e6 2.d4 d5 3.Nd2 c5 4.exd5 Qxd5 5.dxc5 Bxc5 6.Ngf3 Nf6 7.Bd3 O-O 8.Qe2 Nbd7
9.b3 a5 10.Bb2 b6 11.O-O-O Bb7 12.Rhe1 a4 13.Ne4 Qh5 14.Nfg5 Qh6 15.Kb1 axb3
16.axb3 Ba3 17.Nxf6+ Nxf6 18.Bxf6 Qxf6 19.Bxh7+ Kh8 20.Qh5 Qb2+  0-1

[Event "Novosibirsk"]
[Site "Novosibirsk"]
[Date "1995.??.??"]
[Round "6"]
[White "Beliavsky, Alexander G"]
[Black "Ruban, Vadim"]
[Result "1-0"]
[WhiteElo "2650"]
[BlackElo "2535"]

1.d4 Nf6 2.c4 e6 3.Nc3 d5 4.Bg5 Nbd7 5.e3 c6 6.a3 Be7 7.Nf3 h6 8.Bh4 Ne4
9.Nxe4 dxe4 10.Bxe7 Qxe7 11.Nd2 f5 12.c5 O-O 13.Nc4 e5 14.Nd6 b6 15.b4 Kh7
16.Be2 Rf6 17.O-O exd4 18.exd4 Nf8 19.f3 exf3 20.Bxf3 Bd7 21.Re1 Re6 22.Qd2 bxc5
23.dxc5 Rd8 24.Rxe6 Nxe6 25.Re1 Qf6 26.Nb7  1-0

[Event "Novosibirsk"]
[Site "Novosibirsk"]
[Date "1995.??.??"]
[Round "7"]
[White "Vyzmanavin, Alexey"]
[Black "Beliavsky, Alexander G"]
[Result "1-0"]
[WhiteElo "2605"]
[BlackElo "2650"]

1.d4 Nf6 2.c4 e6 3.Nf3 d5 4.Nc3 Be7 5.Bg5 h6 6.Bh4 O-O 7.e3 b6 8.Bd3 Bb7
9.O-O Nbd7 10.Qe2 c5 11.Bg3 cxd4 12.exd4 dxc4 13.Bxc4 a6 14.a4 Bb4 15.Rac1 Nh5
16.d5 Nxg3 17.hxg3 exd5 18.Nxd5 Bc5 19.b4 Bd6 20.Rfd1 Nf6 21.Ne3 Qe7 22.Nh4 Be4
23.Qd2 Bc7 24.Nhf5 Bxf5 25.Nxf5 Qe5 26.Bd3 Bd8 27.Re1 Qd5 28.Rc4 Re8 29.Rxe8+ Nxe8
30.Ne7+  1-0

[Event "Novosibirsk"]
[Site "Novosibirsk"]
[Date "1995.??.??"]
[Round "9"]
[White "Kharlov, Andrei"]
[Black "Beliavsky, Alexander G"]
[Result "1-0"]
[WhiteElo "2555"]
[BlackElo "2650"]

1.e4 e6 2.d4 d5 3.Nc3 Bb4 4.Ne2 dxe4 5.a3 Be7 6.Nxe4 b6 7.N2c3 Bb7 8.Qf3 Kf8
9.Qg3 Nc6 10.Be3 Bh4 11.Qf4 g5 12.Nxg5 Bxg5 13.Qxg5 Qxg5 14.Bxg5 Nxd4 15.O-O-O c5
16.Nb5 e5 17.Nxd4 exd4 18.c3 dxc3 19.bxc3 Kg7 20.Bc4 b5 21.Bxb5  1-0

[Event "JUG-chT"]
[Site "Tivat"]
[Date "1995.??.??"]
[Round "3"]
[White "Svidler, Peter"]
[Black "Beliavsky, Alexander G"]
[Result "0-1"]
[WhiteElo "2635"]
[BlackElo "2650"]

1.e4 e6 2.d4 d5 3.Nd2 c5 4.Ngf3 Nf6 5.exd5 Nxd5 6.Nb3 Nd7 7.g3 cxd4 8.Bg2 Bb4+
9.Bd2 e5 10.O-O O-O 11.Re1 f6 12.Nfxd4 N7b6 13.Bxb4 Nxb4 14.Qd2 N4d5 15.Nb5 a6
16.Na3 Ne7 17.Rad1 Qc7 18.Na5 Rb8 19.Qb4 Bf5 20.c4 Nc6 21.Nxc6 bxc6 22.Qa5 Rfc8
23.b3 Nd7 24.Qxc7 Rxc7 25.Rd6 Rd8 26.b4 Kf8 27.c5 Rb8 28.Be4 Bxe4 29.Rxe4 a5
30.bxa5 Nxc5 31.Rc4 Ke7 32.Rd1 Ne6 33.Nc2 c5 34.f4 Rd7 35.Re1 Rd2 36.Ne3 g6
37.Rd1 Rxd1+ 38.Nxd1 Rb1 39.Kf2 Rxd1  0-1

[Event "JUG-chT"]
[Site "Tivat"]
[Date "1995.??.??"]
[Round "5"]
[White "Sakaev, Konstantin"]
[Black "Beliavsky, Alexander G"]
[Result "1/2-1/2"]
[WhiteElo "2570"]
[BlackElo "2650"]

1.c4 e6 2.Nc3 d5 3.d4 c6 4.Nf3 dxc4 5.Bg5 f6 6.Bh4 Nh6 7.e4 b5 8.a4 a6 9.g4 Be7
10.e5 f5 11.Bxe7 Qxe7 12.g5 Nf7 13.Rg1 Bb7 14.g6 hxg6 15.Rxg6 Nd7 16.Rxg7 O-O-O
17.Qe2 Rdg8 18.Rg3 Nb6 19.Bg2 Ng5 20.O-O-O b4 21.a5 bxc3 22.axb6 cxb2+ 23.Qxb2 Ne4
24.Rxg8+ Rxg8 25.Bf1 c3 26.Qa2 Kd7 27.Bc4 Rg2 28.Bf1 Rg6 29.h4 Qf8 30.Bxa6 Bxa6
31.Qxa6 Qb4 32.Qa2 Qxb6 33.h5 Rg8 34.Kc2 Qb5 35.Qa7+ Ke8 36.Qa8+ Kf7 37.Qa7+ Kf8
38.Qa8+ Kg7 39.Rg1+ Kh6 40.Qxg8 Qe2+ 41.Kb3 Qb2+ 42.Ka4  1/2-1/2

[Event "JUG-chT"]
[Site "Tivat"]
[Date "1995.??.??"]
[Round "6"]
[White "Beliavsky, Alexander G"]
[Black "Ivanovic, Bozidar"]
[Result "1-0"]
[WhiteElo "2650"]
[BlackElo "2495"]

1.d4 c5 2.d5 e5 3.e4 d6 4.Nc3 Be7 5.f4 exf4 6.Bxf4 Nf6 7.Be2 O-O 8.Nf3 Nh5
9.Be3 f5 10.exf5 Bxf5 11.O-O Bg6 12.Ne5 Rxf1+ 13.Kxf1 Ng3+ 14.hxg3 dxe5 15.Bf3 Bd6
16.Be4 Nd7 17.Qd3 Qf6+ 18.Ke2 Bh5+ 19.Kd2 Nf8 20.Rh1 Bg6 21.Bxg6 Nxg6 22.Ne4 Qd8
23.Kc1 b6 24.Rxh7 c4 25.Qe2 Kxh7 26.Qh5+ Kg8 27.Qxg6 Bc5 28.Bg5 Be7 29.d6 Qf8
30.Qe6+ Kh7 31.Qh3+ Kg6 32.Bxe7 Qf5 33.Qxf5+ Kxf5 34.Ng5  1-0

[Event "JUG-chT"]
[Site "Tivat"]
[Date "1995.??.??"]
[Round "7"]
[White "Nevednichy, Vladislav"]
[Black "Beliavsky, Alexander G"]
[Result "1-0"]
[WhiteElo "2480"]
[BlackElo "2650"]

1.e4 e6 2.d3 d5 3.Nd2 Nf6 4.Ngf3 b6 5.c3 Be7 6.Qa4+ c6 7.e5 Nfd7 8.d4 a5
9.h4 Qc7 10.h5 Ba6 11.a3 O-O 12.h6 g6 13.Bxa6 Nxa6 14.O-O b5 15.Qd1 c5 16.Re1 Rfc8
17.Qe2 b4 18.axb4 cxb4 19.c4 dxc4 20.d5 Bf8 21.dxe6 fxe6 22.Ne4 Be7 23.Bg5 Bxg5
24.Nfxg5 Qxe5 25.Nf3 Qf4 26.Rxa5 Nc7 27.Rxa8 Nxa8 28.Rd1 Nf8 29.Nfg5 c3 30.Qe3 c2
31.Rc1  1-0

[Event "JUG-chT"]
[Site "Tivat"]
[Date "1995.??.??"]
[Round "11"]
[White "Beliavsky, Alexander G"]
[Black "Rublevsky, Sergei"]
[Result "1/2-1/2"]
[WhiteElo "2650"]
[BlackElo "2595"]

1.d4 d5 2.c4 dxc4 3.Nf3 Nf6 4.Nc3 c6 5.a4 Bg4 6.Ne5 Bh5 7.f3 Nfd7 8.Nxc4 e5
9.Ne4 Bb4+ 10.Bd2 Qe7 11.Bxb4 Qxb4+ 12.Qd2 Qxd2+ 13.Kxd2 exd4 14.Ned6+ Ke7
15.Nf5+ Kf6 16.Nxd4 Rd8 17.e4 Nc5 18.Ke3 Rxd4 19.Kxd4 Nb3+ 20.Kc3 Nxa1 21.Be2 Ke7
22.Rxa1 Nd7 23.Rd1 Nc5 24.Kb4 Ne6 25.Nd6 c5+ 26.Kc4 Nd4 27.Nf5+ Nxf5 28.exf5 f6
29.Kxc5 Rc8+ 30.Kb4 Rc2 31.Re1 Rxb2+ 32.Kc3 Rb6 33.Bb5+ Kf8 34.Rd1 a6 35.Rd8+ Ke7
36.Rd7+ Kf8  1/2-1/2

[Event "AUT-chT9697"]
[Site "Austria"]
[Date "1996.??.??"]
[Round "7"]
[White "Rabiega, Robert"]
[Black "Beliavsky, Alexander G"]
[Result "1/2-1/2"]
[WhiteElo "2480"]
[BlackElo "2665"]

1.e4 d5 2.exd5 Qxd5 3.Nc3 Qa5 4.d4 Nf6 5.Nf3 c6 6.Ne5 Be6 7.Nc4 Bxc4 8.Bxc4 e6
9.O-O Be7 10.Qd3 Nbd7 11.Ne4 Rd8 12.Bf4 O-O 13.c3 Nh5 14.Bd6 Bxd6 15.Nxd6 Qg5
16.Qf3 Nb6 17.Ne4 Qf5 18.Be2 Nf4 19.Rfe1 Nxe2+ 20.Qxe2 Nd5 21.Rad1 Rfe8 22.Ng3 Qg6
23.h3 Re7 24.Nh5 Qh6 25.Qf3 Red7 26.Re5 Ne7 27.Nf4 Qf6 28.Qe4 Nf5 29.Nh5 Qg6
30.Nf4 Qf6 31.Rd3 Nd6 32.Qf3 Nc4 33.Re2 g6 34.Qg4 Kh8 35.Rf3 Qg7 36.Nd3 Rd5
37.Nf4 Rf5 38.Nd3 Nd6 39.Ne5 Kg8 40.Rfe3 Ne8 41.Qh4 g5 42.Qg3 h5 43.h4 Nf6
44.hxg5 Rxg5 45.Qh3 Ng4 46.f4 Nxe3 47.Rxe3 Rg4 48.Nxg4 hxg4 49.Qh4 Rd5 50.Kh2 Qg6
51.Kg3 c5 52.dxc5 Rd2 53.Kh2 Rxb2 54.Rg3 Qh7 55.Rxg4+ Kh8 56.Qxh7+ Kxh7  1/2-1/2

[Event "AUT-chT9697"]
[Site "Austria"]
[Date "1996.??.??"]
[Round "8"]
[White "Beliavsky, Alexander G"]
[Black "Lukacs, Peter"]
[Result "1-0"]
[WhiteElo "2665"]
[BlackElo "2470"]

1.d4 Nf6 2.c4 e6 3.Nf3 d5 4.Nc3 dxc4 5.e4 Bb4 6.Bg5 c5 7.Bxc4 cxd4 8.Nxd4 Bxc3+
9.bxc3 Qa5 10.Bb5+ Bd7 11.Bxf6 gxf6 12.Qb3 a6 13.Be2 Nc6 14.O-O Qc7 15.Rad1 Rc8
16.Qa3 Na5 17.Rd3 Qc5 18.Qc1 Rg8 19.Qh6 Ke7 20.Rfd1 Rc7 21.Qxh7 Rgc8 22.e5 fxe5
23.Qh4+ Ke8 24.Nxe6  1-0

[Event "Bled op"]
[Site "Bled"]
[Date "1996.??.??"]
[Round "1"]
[White "Beliavsky, Alexander G"]
[Black "Simic, Dragan"]
[Result "1-0"]
[WhiteElo "2615"]
[BlackElo "2330"]

1.d4 d5 2.c4 c6 3.Nf3 Nf6 4.Nc3 a6 5.Ne5 e6 6.g3 Nbd7 7.Bg2 Be7 8.O-O O-O
9.f4 Ne8 10.c5 f5 11.g4 Nef6 12.g5 Ne4 13.Nxe4 fxe4 14.Be3 Nxe5 15.dxe5 Bd7
16.Rc1 Be8 17.Bh3 Qd7 18.Bd4 Bg6 19.Rc3 Bf5 20.Qe1 Rac8 21.Qh4 Qe8 22.Bg4 Bxg4
23.Qxg4 Qg6 24.h3 Rf5 25.Rg3 Rf7 26.b4 Rcf8 27.e3 Rc8 28.Rb1 Bd8 29.Rg2 Rf5
30.Kh2 Qe8 31.a4 Be7 32.g6 Qxg6 33.Qxg6 hxg6 34.Rxg6 Kf7 35.Rbg1 Rg8 36.R1g4 Rh5
37.Kg2 Bf8 38.Rg3 Rgh8 39.R6g4 R8h7 40.Rg5 Be7 41.Rxh5 Rxh5 42.Kh2 g6 43.Rg2 Rh8
44.Rb2 Rc8 45.Kg3 Ke8 46.b5 cxb5 47.axb5 axb5 48.Rxb5 Rc7 49.Kg4 Bd8 50.Ra5 Kd7
51.h4 Ke8 52.Ra8 Rd7 53.Bc3 Kf7 54.Ra7 Ke8 55.Ra8 Kf7 56.Rb8 Be7 57.Bd4 Bd8
58.h5 gxh5+ 59.Kxh5 Be7 60.Rh8 Rd8 61.Rh7+ Ke8 62.f5 exf5 63.e6 Rc8 64.Kg6  1-0

[Event "Bled op"]
[Site "Bled"]
[Date "1996.??.??"]
[Round "4"]
[White "Cebalo, Miso"]
[Black "Beliavsky, Alexander G"]
[Result "1/2-1/2"]
[WhiteElo "2495"]
[BlackElo "2615"]

1.d4 d5 2.Nf3 Nf6 3.c4 c6 4.Nc3 dxc4 5.a4 Bg4 6.Ne5 Bh5 7.h3 e6 8.g4 Bg6
9.Bg2 Bb4 10.O-O Nd5 11.Na2 Bd6 12.Nxc4 h5 13.e4 hxg4 14.Nxd6+ Qxd6 15.exd5 gxh3
16.Bf3 cxd5 17.Nc3 Nc6 18.Nb5 Qb8 19.Be3 a6 20.Nc3 Qd8 21.Kh1 Qf6 22.Rg1 Bc2
23.Qxc2 Qxf3+ 24.Kh2 Nxd4 25.Bxd4 Qf4+ 26.Rg3 Qxd4 27.a5 Rc8 28.Qe2 Kf8 29.Ra4 Rc4
30.Rg4 Qxg4 31.Qxg4 Rxg4 32.Rxg4 Rh5 33.Rb4 d4 34.Rxd4 Rxa5 35.Rd7 Rf5 36.Rxb7 Rxf2+
37.Kxh3 Rf4 38.Kg3 g5 39.Rb6 Ke7 40.Rxa6 Rb4  1/2-1/2